000 00296nam a2200121Ia 4500
008 240731s9999 xx 000 0 und d
022 _a1460-2709
245 0 _aMedical Mycology
260 _bTaylor & Francis
856 _uhttps://www.tandfonline.com/loi/immy20
942 _2ddc
942 _cTFEJ
999 _c78531
_d78531
945 _a1
_bMadushi Gamage
_c1
_dMadushi Gamage